000
00406nam a22001697a 4500
003
MPLRDC
005
20220104123537.0
008
210129b ||||| |||| 00| 0 eng d
082
_a
420 CCM
100
_a
蔡聪明主编
245
_a
家事小智慧
_c
260
_a
_b
文国书局
_c
1986
300
_b
平
490
_a
全家福丛书. 8
650
_a
家事;家政总论
942
_c
BK
_o
420 CCM
999
_c
12253
_d
12243